Music Quiz

Random Music or Missing Word Quiz

50 Hits to Click: 1987 Quiz Stats

 Plays Quiz Updated Dec 6, 2016

Challenge
Share
Tweet
Embed
Score 0/50 Timer 05:00
2 Plays Today
% Correct
With
92.9%
Stop
92.6%
Time
92.4%
Prayer
92.3%
Place
92%
Dance
91%
Bamba
91%
Final
90.7%
Go
89.6%
Lady
89%
Loving
88.8%
Red
88.6%
Died
88.4%
Alone
86.9%
Hangin'
86.1%
Ladder
84.7%
Dreams
83.8%
Hands
83.6%
Sex
80.6%
Over
79.5%
Rumour
79.1%
One
78.5%
Wait
74.2%
Heart
74.1%
Run
72.1%
% Correct
High
71.7%
Touch
71%
Little
70.7%
Got
70.4%
Confusion
70.1%
Moment
70%
Open
69.5%
Waiting
67.8%
Look
67.6%
Funky
67.3%
Lean
66.7%
Looking
66.5%
Respect
64.7%
Mean
60.4%
Smokey
60.4%
Brilliant
60.3%
Come
59.7%
Down
58.7%
Grey
58.2%
Try
55.6%
Emotion
53.5%
Lessons
53%
Midnight
52.5%
Big
52.3%
Fire
49.9%

You're not logged in!

Compare scores with friends on all Sporcle quizzes.
OR
Log In

You Might Also Like...

Show Comments

Extras

Top Quizzes Today


Score Distribution

Your Account Isn't Verified!

In order to create a playlist on Sporcle, you need to verify the email address you used during registration. Go to your Sporcle Settings to finish the process.

Report this User

Report this user for behavior that violates our Community Guidelines.

Details: